00750nam a2200169Ia 450000500170000000800410001702000150005808200190007310000460009224500380013826000460017630000120022250002300023494200060046495200950047099900150056520241218011818.0240331s9999 xx 000 0 und d a8174400575 bCEN25498a305 aCentre for Development Studies and Action 0aVoices of women in Panchayati Raj aNew DelhibFriedrich-Ebert-Stiftungc2004 a150 p., aA brief summary of the interviews on the views and experiences of grassroots level women in Panchayati Raj in India, highlighting the impacts of increased female representation in rural development and socio political dynamic cL 001040708LaWERCLbWERCLcSSCd2024-03-31l0o 305 VOIp5498r2024-03-31w2024-03-31yL c1501d1501